|
|
|
|
| LEADER |
00000nlm0a2200000 4500 |
| 001 |
242843 |
| 005 |
20231101231926.0 |
| 035 |
|
|
|a (RuTPU)RU\TPU\book\264165
|
| 090 |
|
|
|a 242843
|
| 100 |
|
|
|a 20130911d2013 m y0rusy50 ca
|
| 101 |
0 |
|
|a rus
|
| 102 |
|
|
|a RU
|
| 105 |
|
|
|a y j 000zy
|
| 135 |
|
|
|a vocna---uucaa
|
| 181 |
|
0 |
|a i
|
| 182 |
|
0 |
|a b
|
| 200 |
1 |
|
|a Техническая термодинамика и теплопередача
|b Электронный ресурс
|e учебник для бакалавров
|f В. А. Кудинов, Э. М. Карташов, Е. В. Стефанюк
|
| 203 |
|
|
|a Текст
|c электронный
|
| 205 |
|
|
|a 2-е изд.
|
| 210 |
|
|
|a Москва
|c Юрайт
|d 2013
|
| 215 |
|
|
|a 1 Мультимедиа CD-ROM
|
| 225 |
1 |
|
|a Электронные учебники издательства Юрайт
|
| 230 |
|
|
|a Мультимедиа ресурсы (10 директорий; 100 файлов; 740MB)
|
| 300 |
|
|
|a Электронная копия печатного издания.
|
| 333 |
|
|
|a Режим доступа: из корпоративной сети ТПУ
|
| 337 |
|
|
|a Pentium 100 MHz, 16 Mb RAM, Windows 95/98/NT/2000, CDROM, SVGA, звуковая карта, Internet Explorer 5.0 и выше
|
| 606 |
1 |
|
|a Термодинамика техническая
|x (теплотехника)
|2 stltpush
|3 (RuTPU)RU\TPU\subj\68640
|9 83835
|
| 610 |
1 |
|
|a понятия
|
| 610 |
1 |
|
|a первый закон термодинамики
|
| 610 |
1 |
|
|a второй закон термодинамики
|
| 610 |
1 |
|
|a идеальный газ
|
| 610 |
1 |
|
|a водяной пар
|
| 610 |
1 |
|
|a газовые потоки
|
| 610 |
1 |
|
|a компрессорные машины
|
| 610 |
1 |
|
|a газотурбинные установки
|
| 610 |
1 |
|
|a холодильные машины
|
| 610 |
1 |
|
|a теплообмен
|
| 610 |
1 |
|
|a теплопроводность
|
| 610 |
1 |
|
|a учебники
|
| 610 |
1 |
|
|a CD-ROM
|
| 675 |
|
|
|a 621.1.016.7(075.8)
|v 3
|
| 700 |
|
1 |
|a Кудинов
|b В. А.
|
| 701 |
|
1 |
|a Карташов
|b Э. М.
|
| 701 |
|
1 |
|a Стефанюк
|b Е. В.
|
| 801 |
|
1 |
|a RU
|b 63413507
|c 20130911
|
| 801 |
|
2 |
|a RU
|b 63413507
|c 20130925
|g RCR
|
| 856 |
4 |
|
|u http://www.lib.tpu.ru/fulltext2/m/2013/FN/fn-2407.pdf
|
| 900 |
|
|
|a Техническая термодинамика
|
| 900 |
|
|
|a Теплопередача в промышленных аппаратах
|
| 942 |
|
|
|c CF
|